00375nam a2200109Ia 4500008004100000020005500041082001300096100004000109245007900149260000900228264002800237231129s2007||||xx |||||||||||||| ||spa|| a978-958-080507-6  aGOR- 020 aCí­rculo de Lectores y El Tiempo 0aHistoria 2. Desde los precursores de la independencia hasta el Radicalismo c2007 aColombia: Printer 2007